Potreby ekonomického vzdelávania a podnikateľských zručností absolventov Farmaceutickej a Prírodovedeckej fakulty UK v Bratislave so záujmom o súkromné podnikanie
Ponuka modifikovaných modulov predmetov ekonomického vzdelávania a rozvoja podnikateľských zručností absolventov neekonomických fakúlt, ktorí majú záujem o súkromné podnikanie.
Salvato in:
| Autore principale: | |
|---|---|
| Natura: | Capitolo di libro |
| Lingua: | slovacco |
| Soggetti: | |
| Tags: |
Nessun Tag, puoi essere il primo ad aggiungerne!!
|
MARC
| LEADER | 00000naa$a2200000$$$4500 | ||
|---|---|---|---|
| 001 | 0205767 | ||
| 005 | 20240502073427.2 | ||
| 041 | 0 | |a slo | |
| 044 | |a SK | ||
| 245 | 1 | 0 | |a Potreby ekonomického vzdelávania a podnikateľských zručností absolventov Farmaceutickej a Prírodovedeckej fakulty UK v Bratislave so záujmom o súkromné podnikanie |c Daniela Breveníková |
| 520 | |a Ponuka modifikovaných modulov predmetov ekonomického vzdelávania a rozvoja podnikateľských zručností absolventov neekonomických fakúlt, ktorí majú záujem o súkromné podnikanie. | ||
| 610 | 2 | 0 | |a absolventi |
| 610 | 2 | 0 | |a myslenie ekonomické |
| 610 | 2 | 0 | |a podnikanie súkromné |
| 610 | 2 | 0 | |a zámery podnikateľské |
| 610 | 2 | 0 | |a vzdelávanie ďalšie |
| 610 | 2 | 0 | |a ekonómia |
| 100 | 1 | |a Breveníková, Daniela | |